Calculus (Differential and Integral Sem-I B.A./B.Sc.-I) (Record no. 9242)
[ view plain ]
| 000 -LEADER | |
|---|---|
| fixed length control field | 00413nam a22001577a 4500 |
| 003 - CONTROL NUMBER IDENTIFIER | |
| control field | OSt |
| 008 - FIXED-LENGTH DATA ELEMENTS--GENERAL INFORMATION | |
| fixed length control field | 201119b ||||| |||| 00| 0 eng d |
| 020 ## - INTERNATIONAL STANDARD BOOK NUMBER | |
| International Standard Book Number | 9789380896014 |
| 100 ## - MAIN ENTRY--PERSONAL NAME | |
| Personal name | Jain, M.L and Sikka ,I.S. |
| 245 ## - TITLE STATEMENT | |
| Title | Calculus (Differential and Integral Sem-I B.A./B.Sc.-I) |
| 250 ## - EDITION STATEMENT | |
| Edition statement | 19th Ed |
| 260 ## - PUBLICATION, DISTRIBUTION, ETC. (IMPRINT) | |
| Place of publication, distribution, etc | Delhi |
| Name of publisher, distributor, etc | Jeevansons |
| Date of publication, distribution, etc | 2020 |
| 300 ## - PHYSICAL DESCRIPTION | |
| Extent | Mics |
| 650 ## - SUBJECT ADDED ENTRY--TOPICAL TERM | |
| Topical term or geographic name as entry element | B.Sc. Non Medical |
| 942 ## - ADDED ENTRY ELEMENTS (KOHA) | |
| Source of classification or shelving scheme | Dewey Decimal Classification |
| Koha item type | Text Books |
| 942 ## - ADDED ENTRY ELEMENTS (KOHA) | |
| -- | 3 |
| Withdrawn status | Lost status | Source of classification or shelving scheme | Damaged status | Not for loan | Collection code | Home library | Current library | Date acquired | Source of acquisition | Currency | Cost, normal purchase price | Bill Number | Total Checkouts | Acc. no. / Barcode | Date last seen | Actual Cost, discounted price | Bill Date | Koha item type | Date last borrowed |
|---|---|---|---|---|---|---|---|---|---|---|---|---|---|---|---|---|---|---|---|
| Dewey Decimal Classification | B.Sc Non Medical | PIET NCR College Library | PIET NCR College Library | 19/11/2020 | Kirti Prakashan | Indian Rup | 250.00 | IN397 | N337 | 19/11/2020 | 207.50 | 31/08/2020 | Reference Books | ||||||
| Dewey Decimal Classification | B.Sc Non Medical | PIET NCR College Library | PIET NCR College Library | 19/11/2020 | Kirti Prakashan | Indian Rup | 250.00 | IN397 | 1 | N338 | 27/12/2021 | 207.50 | 31/08/2020 | Text Books | 06/12/2021 | ||||
| Dewey Decimal Classification | B.Sc Non Medical | PIET NCR College Library | PIET NCR College Library | 19/11/2020 | Kirti Prakashan | Indian Rup | 250.00 | IN397 | N339 | 19/11/2020 | 207.50 | 31/08/2020 | Text Books | ||||||
| Dewey Decimal Classification | B.Sc Non Medical | PIET NCR College Library | PIET NCR College Library | 19/11/2020 | Kirti Prakashan | Indian Rup | 250.00 | IN397 | 1 | N340 | 27/12/2021 | 207.50 | 31/08/2020 | Text Books | 18/12/2021 | ||||
| Dewey Decimal Classification | B.Sc Non Medical | PIET NCR College Library | PIET NCR College Library | 19/11/2020 | Kirti Prakashan | Indian Rup | 250.00 | IN397 | 1 | N341 | 18/12/2021 | 207.50 | 31/08/2020 | Text Books | 06/12/2021 |